| 000 | 00349nam a2200133Ia 4500 | ||
|---|---|---|---|
| 003 | PILC | ||
| 008 | 220421s2004 xx 000 0 und d | ||
| 040 | _cEARIST LIBRARY | ||
| 100 |
_aLacia ,Ferdilyn C Et al _9381 |
||
| 245 | 0 | _aEnchaning Basic Research and Writing Skills / | |
| 260 |
_aManila, _bRex : _c2004. |
||
| 999 |
_c1692 _d1692 |
||
| 942 |
_2ddc _cBK |
||